000 00610nam a2200157Ia 4500
008 151213s9999 xx 000 0 und d
100 _aঅধ্যাপিকা নাজনীন হোসেন।
245 _aবাংলাদেশ শ্রম আইন
_cঅধ্যাপিকা নাজনীন হোসেন।
250 _a১ম
260 _aঢাকা
_bমো: তরিকুল ইসলাম জুয়েল।
_c2007
300 _a5084 p.
650 _aLaw
650 _aLaw
700 _aঅধ্যাপিকা নাজনীন হোসেন।
999 _c3139
_d3139